Supervision Concepts and Practices of Management

Guardado en:
Detalles Bibliográficos
Autor principal: Haimann, Theo
Otros Autores: Hilgert, Raymond L.
Formato: Libro
Lenguaje:inglés
Publicado: Cincinnati South-Western Publ. Co. 1982
Edición:1. ed.
Materias:
Etiquetas: Agregar Etiqueta
Sin Etiquetas, Sea el primero en etiquetar este registro!

MARC

LEADER 00000nam a2200000 4500
001 c004958
005 20221221074755.0
020 |a 0-538-07930-4 
041 0 |a eng 
044 |a US 
245 1 0 |a Supervision  |b Concepts and Practices of Management  |c Theo Haimann, Raymond L. Hilgert 
250 |a 1. ed. 
264 1 |a Cincinnati  |b South-Western Publ. Co.  |c 1982 
300 |a 424 s. 
610 2 0 |a vedenie 
610 2 0 |a riadenie podnikové 
610 2 0 |a teória a prax 
610 2 0 |a manažment 
610 2 0 |a rozhodovanie podnikové 
610 2 0 |a plánovanie podnikové 
610 2 0 |a organizácia riadenia 
610 2 0 |a práca personálna 
610 2 0 |a kontrola podniková 
610 2 0 |a vzťahy pracovné 
610 2 0 |a práca riadiaca 
100 1 |a Haimann, Theo 
700 1 |a Hilgert, Raymond L.